000 00488nam a22001817a 4500
999 _c12040
_d12040
008 220228b ||||| |||| 00| 0 eng d
020 _a9788120345928
082 0 0 _a519.4
_bSAS
100 _aSastry, S.S.
245 _a Introductory methods of numerical analysis
250 _a5th Ed.
260 _aNew Delhi
_bPHI Learning Pvt. Ltd.
_c2021
300 _axiv, 450p.
650 _aNumerical analysis
650 _aSolution of algebraic
650 _aNumerical solution
942 _cBK